Cereales

Guardado en:
Formato: Libro
Publicado: Roma : Organización de las Naciones Unidas para la Agricultura y la Alimentación., 1979
Materias:
Etiquetas: Agregar Etiqueta
Sin Etiquetas, Sea el primero en etiquetar este registro!
LEADER 00465nam a22001575a 4500
001 CEM.cems015613
005 20090901145754.0
008 130507s1979##################000#0#####d
003 CEMS
082 0 4 |a 633.1 
245 0 0 |a Cereales 
260 |a Roma :  |b Organización de las Naciones Unidas para la Agricultura y la Alimentación.,  |c 1979 
300 |a 51 p. 
653 |a Agricultura 
653 |a Cereales 
859 |a CEMS  |b BIB. CEMS - Agricultura  |h 633.1  |i C334  |p A9248.81  |t Ej.1  |v 15  |3 15